000 01241cam a22003617a 4500
003 CHAP
005 20220329135611.0
008 971013s1994 r 00010 d
010 _a39127
011 _a40099
035 _a44224
040 _cCHAP
090 _aTesis
100 0 0 _aGutiérrez Ruacho, Oscar Gerardo.
_951828
245 1 3 _aUn enfoque para la planificación de la actividad agrícola en condiciones de temporal
260 _aBermejillo, Dgo. :
_bEl autor,
_c1994
300 _a76 h.
502 _aTesis (Ing. Agr. Esp. en Zonas Aridas) -- UACH. Departamento de Zonas Aridas
590 _aALEPH
_b10
_c20130110
_lUCH01
_h1306
590 _aBATCH-UPD
_b10
_c20130110
_lUCH01
_h0951
590 _aBATCH-UPD
_b10
_c20130410
_lUCH01
_h0605
590 _aBATCH-UPD
_b10
_c20130913
_lUCH01
_h2145
590 _aCONVERSION
_b10
_c20130109
_lUCH01
_h1322
650 1 4 _aAgricultura de temporal.
_91999
650 1 4 _aBalance hídrico.
_99602
650 1 4 _aEscurrimiento.
_937675
650 1 4 _aMaíz
_xFechas de siembra.
_970954
650 1 4 _aPolítica agrícola
_xDurango.
_990313
901 _aBK
942 _cFOLL
949 _bBC
_cTES
_d-101304
_eTS1
_h27557
_i44224
_si
949 _bBC
_cTES
_d33724000005328
_eTS2
_fc.2
_h27558
_i44224
_si
999 _c39127
_d39127